El sueño de las escalanitas
Збережено в:
| Автор: | |
|---|---|
| Формат: | Книга |
| Мова: | Іспанська |
| Опубліковано: |
Bogotá
El Ancora
1996
|
| Редагування: | 5a. ed |
| Предмети: | |
| Теги: |
Додати тег
Немає тегів, Будьте першим, хто поставить тег для цього запису!
|
MARC
| LEADER | 00000nam a2200000 a 4500 | ||
|---|---|---|---|
| 001 | UCI0617 | ||
| 003 | CL-VaPUC | ||
| 008 | 070518e19960000CK |||||||||||||||||spa|d | ||
| 020 | |a 8489209111 | ||
| 082 | 0 | 4 | |a Co863 |b ZAL |2 21 |
| 100 | 0 | |a Zalamea, Jorge |e author |9 520770 | |
| 245 | 1 | 3 | |a El sueño de las escalanitas |
| 250 | |a 5a. ed | ||
| 300 | |a 78 p | ||
| 942 | |c BK | ||
| 945 | |d 20070518 00:00:00 |a jtorresc | ||
| 260 | |a Bogotá |b El Ancora |c 1996 | ||
| 650 | 0 | |a Literatura colombiana |9 315578 | |
| 583 | |a last modification |c 20140403 09:52:07 |k Rodrigo Vera | ||
| 999 | |c 325692 |d 325690 | ||
| 952 | |0 0 |1 0 |4 0 |6 CO_863_000000000000000_ZAL_1996 |7 0 |8 A |9 406959 |a BIBART |b BIBART |d 2019-11-22 |i 428125K |o Co863 ZAL 1996 |p 428125K |r 2025-03-13 |w 2019-11-22 |y BK |k ART | ||